| 000 | 00379nam a2200157Ia 4500 | ||
|---|---|---|---|
| 008 | 230917s9999||||xx |||||||||||||| ||und|| | ||
| 040 |
_e208552 _aMAIN |
||
| 041 | _aEnglish | ||
| 082 | _a519.5 G283B(2) | ||
| 100 | _aGelman, Andrew | ||
| 245 | 0 | _aBayesian data analysis | |
| 250 | _a2nd ed. | ||
| 260 |
_aBoca Raton _bCRC Press _c2004 |
||
| 300 | _axix, 668 p. | ||
| 942 | _cBK | ||
| 999 |
_c173950 _d173950 |
||